00861nam a2200205 a 450000100100000000500170001000800410002702000150006804000250008310000250010824500330013326000490016630000520021550400300026704900090029795201200030695201060042695201060053299900170063800002700020200930030535.0110328s2006 dr a 000 0 spa d a9993489123 aDO-SdBNPbspacBNPHU1 aMoya, Rita de95410210aChin mamá /cRita de Moya. aSanto Domingo :bEditora Intergrafic,c2006. a85 p, 17 h. de láms. :bil., retrs, ;c17 cm. aBibliografía : p. 83-85 aBNPD 001054708DSaGRbGRcCTd2011-03-28iLF1l0o p27000-30r2020-06-25te. 3w2020-06-25yLFDSZPréstamo en sala 00107-18PDaPDbPDcOId2011-03-28iLF1l0o p27000-10r2020-06-25w2020-06-25yLFPDZNo se presta 00107-18PDaPDbPDcOId2011-03-28iLF1l0o p27000-20r2020-06-25w2020-06-25yLFPDZNo se presta c26492d26492